000 00310nam a22001457a 4500
008 181011b xxu||||| |||| 00| 0 eng d
020 _a0155027042
041 _aeng
080 _a311
082 _a311
100 _a 55
101 _aSTA
245 _aAnalyzing multivariate
_cCLIFF.N
942 _2udc
_cBK
999 _c49344
_d49344